Statistics for US Presidents- Hard Edition

Click here to take the quiz!

General Stats

  • This quiz has been taken 20 times
  • The average score is 102 of 226

Answer Stats

BornPresident% Correct
22-02-1732George Washington
100%
13-04-1743John Adams
85%
No oneJohn Adams
85%
16-03-1751Massachusetts
77%
30-10-1735Virginia
77%
15-03-1767Andrew Jackson
69%
James Madison
69%
James Monroe
69%
11-07-1767John Quincy Adams
69%
04-07-1831Thomas Jefferson
69%
12-02-1809Abraham Lincoln
62%
Al Gore
62%
29-12-1808Andrew Johnson
62%
Arkansas
62%
04-08-1961Barack Obama
62%
19-08-1946Bill Clinton
62%
05-06-2004California
62%
05-01-1933Calvin Coolidge
62%
05-10-1829Chester A Arthur
62%
Dan Quayle
62%
Delaware
62%
Democratic
62%
Democratic
62%
Democratic
62%
Democratic
62%
Democratic
62%
Democratic
62%
Democratic
62%
Democratic
62%
Democratic
62%
Democratic
62%
14-06-1946Donald Trump
62%
14-10-1890Dwight D Eisenhower
62%
30-01-1882Franklin D Roosevelt
62%
12-06-1924George H. W. Bush
62%
06-07-1946George W Bush
62%
Georgia
62%
14-07-1913Gerald Ford
62%
08-05-1882Harry S Truman
62%
10-08-1874Herbert Hoover
62%
Illinois
62%
19-11-1831James A Garfield
62%
01-10-1924Jimmy Carter
62%
20-11-1942Joe Biden
62%
Joe Biden
62%
29-05-1917John F Kennedy
62%
Kamala Harris
62%
27-08-1908Lyndon B Johnson
62%
Lyndon B Johnson
62%
05-12-1782Martin Van Buren
62%
Massachusetts
62%
Massachusetts
62%
Mike Pence
62%
New York
62%
New York
62%
Republican
62%
Republican
62%
Republican
62%
Republican
62%
Republican
62%
Republican
62%
Republican
62%
Republican
62%
Republican
62%
Republican
62%
Republican
62%
Republican
62%
Republican
62%
Republican
62%
09-01-1913Richard Nixon
62%
Ronald Reagan
62%
Texas
62%
Texas
62%
Texas
62%
27-10-1858Theodore Roosevelt
62%
Virginia
62%
Virginia
62%
Virginia
62%
Walter Mondale
62%
02-11-1865Warren G Harding
62%
09-02-1773William Henry Harrison
62%
28-12-1856Woodrow Wilson
62%
14-12-17991789-1797
54%
04-07-18261797-1801
54%
20-08-1833Benjamin Harrison
54%
Democratic
54%
Democratic
54%
Democratic
54%
28-06-1836Federalist
54%
23-11-1804Franklin Pierce
54%
George H. W. Bush
54%
Grover Cleveland
54%
18-03-1837Grover Cleveland
54%
23-04-1791James Buchanan
54%
02-11-1795James K Polk
54%
29-03-1790John Tyler
54%
07-01-1800Millard Fillmore
54%
New York
54%
Republican
54%
Republican
54%
Republican
54%
Republican
54%
Republican
54%
Richard Nixon
54%
Spiro Agnew / Gerald Ford
54%
29-01-1843William McKinley
54%
28-03-19691953-1961
46%
22-11-19631961-1963
46%
22-01-19731963-1969
46%
22-04-19941969-1974
46%
26-12-20061974-1977
46%
Still Alive1977-1981
46%
06-02-19111981-1989
46%
30-11-20181989-1993
46%
1993-2001
46%
2001-2009
46%
2009-2017
46%
2017-2021
46%
Democratic
46%
Democratic
46%
Democratic
46%
Democratic
46%
Democratic-Republican
46%
Democratic-Republican
46%
Democratic-Republican
46%
Democratic-Republican/National Republican
46%
Hubert Humphrey
46%
Illinois
46%
John Nance Garner/ Henry A Wallace/ Harry S Truman
46%
Michigan
46%
Missouri
46%
New York
46%
Ohio
46%
Ohio
46%
Ohio
46%
Tennessee
46%
27-04-1822Ulysses S Grant
46%
Whig
46%
Whig
46%
Whig
46%
Whig
46%
15-09-1857William H Taft
46%
24-11-1784Zachary Taylor
46%
1801-1809
38%
12-04-19451933-1945
38%
26-12-19721945-1953
38%
2021-Present
38%
Chester A Arthur
38%
Garret Hobart / Theodore Roosevelt
38%
Hannibal Hamlin/Andrew Johnson
38%
04-07-1826Independent
38%
John C Calhoun/Martin Van Buren
38%
New York
38%
Ohio
38%
Ohio
38%
04-10-1822Rutherford B Hayes
38%
Virginia
38%
1809-1817
31%
1817-1825
31%
23-02-18481825-1829
31%
08-06-18451829-1837
31%
01-06-18681857-1861
31%
15-04-18651861-1865
31%
31-07-18751865-1869
31%
23-07-18851869-1877
31%
17-01-18931877-1881
31%
18-11-18861881-1885
31%
24-06-19081885-1889
31%
13-03-19011889-1893
31%
1893-1897
31%
14-09-19011897-1901
31%
08-03-19301909-1913
31%
1923-1929
31%
20-10-19641929-1933
31%
Aaron Burr
31%
California
31%
04-07-1872Calvin Coolidge
31%
John C Calhoun
31%
John Tyler
31%
19-09-1881March 4 1881- September 19 1881
31%
New Hampshire
31%
New Jersey
31%
New York
31%
New York
31%
Ohio
31%
Tennessee
31%
24-07-18621837-1841
23%
18-01-18621841-1845
23%
15-06-18491845-1849
23%
09-07-18501849-1850
23%
08-03-18741850-1853
23%
08-10-18691853-1857
23%
06-01-19191901-1909
23%
03-02-19241913-1921
23%
02-08-19231921-1923
23%
Alben W Barkley
23%
George Clinton
23%
Illinois
23%
04-04-1841March 4 1841- April 4 1841
23%
Millard Fillmore
23%
New York
23%
North Carolina
23%
Pennsylvania
23%
Charles Curtis
15%
Daniel Tompkins
15%
Dick Chaney
15%
Indiana
15%
John C Breckinridge
15%
Louisiana
15%
Massachusetts
15%
New York
15%
George M Dallas
8%
28-04-1758Thomas Pinckney
8%
Thomas R Marshall
8%
Vermont
8%
Adlai Stephenson
0%
Bob Dole
0%
Charles G Dawes
0%
Charles W Fairbanks
0%
James S Sherman/ Nicholas M Butter
0%
Levi P Morton/ Whitelaw Reid
0%
Richard M Johnson
0%
Schuyler Colfax/Henry Wilson
0%
Thomas Hendricks
0%
William A Wheeler
0%
William King
0%

Score Distribution

Percentile by Number Answered

Percent of People with Each Score

Your Score History

You have not taken this quiz